La mente aumentata (Record n. 209771)

Dettagli MARC
000 -LEADER
fixed length control field 01647nam a2200205Ia 4500
001 - CONTROL NUMBER
control field b7196-53384
003 - CONTROL NUMBER IDENTIFIER
control field IT-MiCISF
008 - FIXED-LENGTH DATA ELEMENTS--GENERAL INFORMATION
fixed length control field 161014s9999||||xx |||||||||||||| ||und||
040 ## - CATALOGING SOURCE
Original cataloging agency IT-MiCISF
Transcribing agency IT-MiCISF
041 ## - LANGUAGE CODE
Language code of text/sound track or separate title it
999 ## - SYSTEM CONTROL NUMBERS (KOHA)
Koha Dewey Subclass [OBSOLETE] si
100 ## - MAIN ENTRY--PERSONAL NAME
Personal name Prensky Marc
245 #0 - TITLE STATEMENT
Title La mente aumentata
Remainder of title Dai nativi digitali alla saggezza digitale
250 ## - EDITION STATEMENT
Edition statement 1a ed.
260 ## - PUBLICATION, DISTRIBUTION, ETC. (IMPRINT)
Place of publication, distribution, etc. Trento
Name of publisher, distributor, etc. Erickson
Date of publication, distribution, etc. 2013 [Edizione originale: 2012]
300 ## - PHYSICAL DESCRIPTION
Extent pp. 262
500 ## - GENERAL NOTE
General note / nuovi-media, società, educazione, cambiamento / Oggi, grazie a oggetti che occupano poco più che il palmo della nostra mano, siamo in grado di gestire calendari, documenti e rapporti personali con una facilità tale che molti restano disorientati quando si trovano a dover eseguire queste operazioni senza l'ausilio dell'elettronica. Non è raro, allora, ascoltare gli appelli allarmati di chi invoca una minore invasione della tecnologia a favore di un'interazione diretta, nel timore che un ricorso eccessivo all'intelligenza artificiale condizioni negativamente la nostra capacità di pensare. L'A. di questo volume non la pensa così, e in questo saggio punta a dimostrare che un uso intelligente della tecnologia potenzia la mente e le sue abilità, piuttosto che inibirle. Attraverso decine di esempi, illustra come una combinazione ragionata delle capacità del pensiero, come l'assunzione di decisioni o il ragionamento complesso, con le possibilità concesse dalla tecnologia, come l'archiviazione ed elaborazione di grandi quantità di dati, porti indubbi benefici al nostro funzionamento cognitivo.
650 ## - SUBJECT ADDED ENTRY--TOPICAL TERM
Topical term or geographic name as entry element mass-media
942 ## - ADDED ENTRY ELEMENTS (KOHA)
Koha item type LIBRO
957 ## -
-- 1
999 ## - SYSTEM CONTROL NUMBERS (KOHA)
-- 1
Dati di copia
Withdrawn status Lost status Damaged status Not for loan Home library Current library Date acquired Total Checkouts Full call number Date last seen Price effective from Koha item type Public note
    Buone Condizioni Not For Loan CISF - Milano CISF - Milano 14/10/2016   b7196-53384 14/10/2016 14/10/2016 LIBRO Data import 15.10.2016 / by Epidotti, Vaglietti
CREDITS: SOCIETA' SAN PAOLO Via A.Severo, 58 - ROMA (RM) & PERIODICI SAN PAOLO SRL Via Giotto, 36 MILANO & CISF Via Giotto, 36 MILANO & EDIZIONI SAN PAOLO SRL,  Piazza Soncino, 5 CINISELLO BALSAMO (MI) -- ITALY